00677nam a22001097a 4500040000800000082002700008100001900035245037400054260002700428300002500455856008700480 cRUA aAGR PHA 2013 B054 Or.1 aPHANN, PIPHOP. aWeed management by herbicide on rice field of farmer in dermdong commune angkorchey district kompot province ការគ្រប់គ្រងស្មៅចង្រៃដោយថ្នាំកំចាត់ស្មៅលើស្រែកសិករក្នុងឃុំដើមដូង ស្រុកអង្គរជ័យ ខេត្តកំពត aPhnom Penh bRUAc2013 ax; 51p.bill.c29cm. uhttps://drive.google.com/file/d/1x6D0rqcdqG36ZnDXC224mGzXCqkziBDJ/view?usp=sharing